000
00228nam a22000857a 4500
008
160905b xxu||||| |||| 00| 0 eng d
100
_9
289
_a
Upadhyay S
245
_a
Mathematics-IX
_b
Term-I
260
_a
New Delhi
_b
S.K.K publication
_c
2012
999
_c
2948
_d
2948